|
|
|
|
| LEADER |
01859nam a2200457 i 4500 |
| 001 |
EBC3046030 |
| 003 |
MiAaPQ |
| 005 |
20200520144314.0 |
| 006 |
m o d | |
| 007 |
cr cnu|||||||| |
| 008 |
140723s2009 gw ob 100 0 ger|d |
| 020 |
|
|
|z 9783486590197
|
| 020 |
|
|
|a 9783486708318 (e-book)
|
| 035 |
|
|
|a (MiAaPQ)EBC3046030
|
| 035 |
|
|
|a (Au-PeEL)EBL3046030
|
| 035 |
|
|
|a (CaPaEBR)ebr10891453
|
| 035 |
|
|
|a (CaONFJC)MIL609448
|
| 035 |
|
|
|a (OCoLC)922949473
|
| 040 |
|
|
|a MiAaPQ
|b eng
|e rda
|e pn
|c MiAaPQ
|d MiAaPQ
|
| 050 |
|
4 |
|a DD120.I8
|b S35 2009
|
| 245 |
0 |
0 |
|a Schleichende Entfremdung? :
|b Deutschland und Italien nach dem Fall der Mauer /
|c herausgegeben von Gian Enrico Rusconi, Thomas Schlemmer und Hans Woller.
|
| 250 |
|
|
|a 2. Auflage.
|
| 264 |
|
1 |
|a Munchen :
|b R. Oldenbourg Verlag,
|c 2009.
|
| 300 |
|
|
|a 1 online resource (136 pages).
|
| 336 |
|
|
|a text
|2 rdacontent
|
| 337 |
|
|
|a computer
|2 rdamedia
|
| 338 |
|
|
|a online resource
|2 rdacarrier
|
| 490 |
1 |
|
|a Zeitgeschichte im Gesprach ;
|v Band 3
|
| 504 |
|
|
|a Includes bibliographical references.
|
| 588 |
|
|
|a Description based on online resource; title from PDF title page (ebrary, viewed July 23, 2014).
|
| 590 |
|
|
|a Electronic reproduction. Ann Arbor, MI : ProQuest, 2015. Available via World Wide Web. Access may be limited to ProQuest affiliated libraries.
|
| 651 |
|
0 |
|a Germany
|x Relations
|z Italy
|v Congresses.
|
| 651 |
|
0 |
|a Italy
|x Relations
|z Germany
|v Congresses.
|
| 651 |
|
0 |
|a Germany
|x Foreign relations
|z Italy
|v Congresses.
|
| 655 |
|
4 |
|a Electronic books.
|
| 700 |
1 |
|
|a Rusconi, Gian Enrico,
|e editor.
|
| 700 |
1 |
|
|a Schlemmer, Thomas,
|e editor.
|
| 700 |
1 |
|
|a Woller, Hans,
|e editor.
|
| 797 |
2 |
|
|a ProQuest (Firm)
|
| 830 |
|
0 |
|a Zeitgeschichte im Gesprach ;
|v Bd. 3.
|
| 856 |
4 |
0 |
|u https://ebookcentral.proquest.com/lib/matrademy/detail.action?docID=3046030
|z Click to View
|